Normal view
MARC view
Entry Personal Name
001 - CONTROL NUMBER
- control field: 1276994
003 - CONTROL NUMBER IDENTIFIER
- control field:
005 - DATE AND TIME OF LATEST TRANSACTION
- control field: 20210629131708.0
008 - FIXED-LENGTH DATA ELEMENTS
- fixed length control field: 210629|| aca||aabn | a|a d
040 ## - CATALOGING SOURCE
- Original cataloging agency:
- Transcribing agency:
100 ## - HEADING--PERSONAL NAME
- Personal name: Herrera, J.,
- Dates associated with a name: 1983-
670 ## - SOURCE DATA FOUND
- Source citation: Work cat.: ()1340187: Flores, J. L. (Jose Luis), 1974- 1276992, Gromov, Cauchy and causal boundaries for Riemannian, Finslerian and Lorentzian manifolds /, 2013.
